000
00316nam a22001217a 4500
020
_a
0-8247-8057-2
082
_a
621.38171 MOL'C
100
_a
CARTER, FORREST L
_9
66113
245
_a
MOLECULAR ELECTRONICS DEVICES MOLECULAR ELECTRONIC CONGRESSES
260
_a
NEWYORK
_b
MARCEL
_c
1982
300
_a
386P
942
_c
BK
999
_c
584449
_d
584449